| 000 | 00476nam a2200193 i 4500 | ||
|---|---|---|---|
| 001 | bgj | ||
| 100 | 1 | _aROGERS, Rosemary. | |
| 245 | 1 | 0 |
_aThe Crowd Pleasers / _cRosemary Rogers. |
| 260 |
_aNew York : _bAvon, _c1978. |
||
| 300 |
_a520 pp ; _c21 cm. |
||
| 650 | 9 | _aAmerican novels | |
| 650 | 9 | _aRomantic suspense novels | |
| 020 | _a0380389274 | ||
| 040 | _cBPK | ||
| 041 | 0 | _aeng | |
| 920 | _a0-380-38927-4 | ||
| 942 | _cKS | ||
| 008 | s uk f |000 0 eng | ||
| 999 |
_c47507 _d47507 |
||
| 856 |
_uhttp://koha.tu.koszalin.pl/cgi-bin/koha/opac-detail.pl?biblionumber=47507 _yKatalog online BPK |
||